Statistiques concernant Quel est ce Pokémon ? par images #1

Cliquez ici pour prendre le quiz!

Statistiques générales

  • Ce quiz a été pris 87 fois
  • Le résultat moyen est 11 sur 16

Statistiques - réponses

Réponse% Correct
Démolosse
89%
Mime Jr.
84%
Galifeu
81%
Mangriff
80%
Lockpin
79%
Archéomire
76%
Judokrak
73%
Coxyclaque
70%
Grahyèna
70%
Sorbouboul
70%
Séviper
69%
Escargaume
57%
Flingouste
49%
Mélancolux
44%
Amagara
43%
Roussil
40%

Distribution des résultats

Percentile par nombre de réponses

% des personnes avec chaque résultat

Votre développement - résultats

Vous n’avez pas pris ce quiz